000 01153nam0a22003011 4500
001 rc\2209513
005 20260407081445.0
035 _a(NLR Aleph) 006541386
090 _a6640377
_c6640377
100 _a20110826d1978 u y0rusy50 ca
101 0 _arus
102 _aRU
105 _aa z |||||
200 1 _aПодъемно-транспортные машины
_e[Сб. статей]
_fТул. политехн. ин-т
_g[Редкол.: А.А. Кисурин (науч. ред.) и др.]
210 _aТула
_cТПИ
_d1978
215 _a170 с.
_cил.
_d20
320 _aБиблиогр.: в конце статей
606 _aПодъемно-транспортное оборудование
_jСборники
_2psbo
686 _aО91я43
_2rubbk
702 1 _aКисурин
_bА.А.
_gАлександр Александрович
_4340
712 0 2 _aТульский политехнический институт
_3RU\NLR\AUTH\886982
_9285939
801 0 _aRU
_bNLR
_gpsbo
801 1 _aRU
_bELAR
_2rusmarc
852 _aNLR
_j79-3/3381
899 _aRuMoRGB
_jB 79-2/280
899 _aRuMoRGB
_jB 79-2/281
942 _cBOOK
980 _aNB